00588nam a22001577a 4500003000900000005001700009008004100026040001300067100002900080245001600109250001100125260002700136300001700163490005300180520019700233IT-RoPau20220918181106.0130521b xxu||||| |||| 00| 0 eng d cIT-RoPau aSSP Provincia Brasileira aEvangelizar a1° ed aSão PaulobSSPc1988 a4 pp.c23 cm aCentro Vocacional PaulinovAno 4 - n° 36 - 1988 aAs feições de Cristo na Sociedade Tema paulino - Padre para evangelizar Tema vocacional - Pedro Testemunho - Livraria Paulina: espaço de evangelização Oração pelas Vocações